Science Quiz

Random Science or Clickable Quiz
Score 0/20 Timer 03:00
0 Plays Today
% Correct
Beats per minute
100%
Benzodiazepine
94.7%
Blood pressure
94.7%
Borderline personality disorder
89.5%
Body mass index
89.5%
Benign prostatic hyperplasia
89.5%
Bundle branch block
89.5%
Below knee amputation
84.2%
Blood urea nitrogen
84.2%
Bronchoalveolar lavage
84.2%
% Correct
Brain natriuretic peptide
84.2%
Bedrest
84.2%
Body surface area
78.9%
Bacille Calmette-Guérin
78.9%
Blood culture
78.9%
Blood
73.7%
Glycemia
73.7%
Twice daily
68.4%
B-symptoms
68.4%
Biopsy
57.9%
Remove Ads.
Support Sporcle.
Get the best of Sporcle when you Go Orange. This ad-free experience offers more features, more stats, and more fun while also helping to support Sporcle. Thank you for becoming a member.

You're not logged in!

Compare scores with friends on all Sporcle quizzes.
OR
Log In

Sporcle TV

Today on Sporcle TV


Watch our educational content, quiz creation guides, and fun videos on Sporcle TV.

Show Comments

Extras

Top Quizzes Today


Score Distribution

Paid Content

Your Account Isn't Verified!

In order to create a playlist on Sporcle, you need to verify the email address you used during registration. Go to your Sporcle Settings to finish the process.

Report this User

Report this user for behavior that violates our Community Guidelines.

Details: